| 000 | 00653nam a2200205Ia 4500 | ||
|---|---|---|---|
| 005 | 20230801161006.0 | ||
| 008 | 210716s1992 xx 000 0 und d | ||
| 040 | _cAIMIT LIBRARY | ||
| 041 | _aeng | ||
| 082 |
_a005.133 _21 _bMUKV |
||
| 100 |
_aGandhi, Meeta. _9129029 |
||
| 245 |
_aVijay Mukhis the c odyssey dos: _bthe charted waters / _cBy Meeta Gandhi, Tilak Shetty and Rajiv Shah. |
||
| 250 | _a1st ed. | ||
| 260 |
_aNew Delhi : _bBPB Publications , _c1992. |
||
| 300 |
_av,496p. _bPB _c21.6 cm |
||
| 650 |
_aC Programming _9129030 |
||
| 700 |
_aShetty, Tilak. _9129031 |
||
| 700 |
_aShah, Rajiv. _9129032 |
||
| 942 |
_2ddc _cBK _e1st _k005.133 MUKV |
||
| 999 |
_c184218 _d184218 |
||